LEADER 01370nas0-2200433---4500 001 990002122370203316 005 20110210130258.0 011 $a1825-8689 035 $a000212237 035 $aUSA01000212237 035 $a(ALEPH)000212237USA01 035 $a000212237 100 $a20041028a----9999km-y0ITAy0103----ba 101 0 $aita 102 $aIT 110 $aaiaz---|||| 200 1 $aTerritorio$erivista trimestrale del Dipartimento di Architettura e Pianificazione 210 $aMilano$cFranco Angeli 215 $av.$d28 cm 300 $aComincia nel 1996 300 $aDescrizione basata su: n. 28 (2004) 326 $aTrimestrale 430 0$1001$12001$aDs T 606 0 $aUrbanistica$xPeriodici 606 0 $aPianificazione territoriale$xPeriodici 676 $a711.05 712 10$aDipartimento di architettura e pianificazione del Politecnico di Milano 801 0$aIT$bsalbc$gISBD 912 $a990002122370203316 958 $aECO$bFondo$c28(2004)-55(2010); 959 $aSE 979 $aVITTORIANA$b90$c20041028$lUSA01$h1647 979 $aVITTORIANA$b90$c20041028$lUSA01$h1650 979 $aVITTORIANA$b90$c20041028$lUSA01$h1652 979 $aVITTORIANA$b90$c20041028$lUSA01$h1652 979 $aPATRY$b90$c20080107$lUSA01$h1236 979 $aPATRY$b90$c20110210$lUSA01$h1302 996 $aTerritorio$9324559 997 $aUNISA LEADER 02899nam0 2200361 i 450 001 CFI0542569 005 20251003044143.0 010 $a8849503814 020 $aIT$b2003-350 100 $a20151217d2002 ||||0itac50 ba 101 | $aita 102 $ait 181 1$6z01$ai $bxxxe 182 1$6z01$an 200 1 $aˆL'‰approccio strategico alla pianificazione$euna verifica concettuale ed empirica di un caso di studio$ele trasformazioni urbane di Barcellona$fTeresa Amodio 210 $aNapoli \etc.!$cEdizioni scientifiche italiane$d\2002! 215 $a287 p.$d24 cm. 225 | $aPubblicazioni della Facoltà di economia, Università degli studi del Sannio, Benevento$i. Sezione economica$v8 410 0$1001IEI0136816$12001 $aPubblicazioni della Facoltà di economia, Università degli studi del Sannio, Benevento$i. Sezione economica$v8$171201$aUniversità degli studi del Sannio$b : Facoltà di economia$3CFIV177289 606 $aBARCELLONA$xURBANISTICA$2FIR$3MILC068823$9I 606 $aBarcellona$xPianificazione$2FIR$3CFIC132114$9I 676 $a307.1216094672$9COMUNITA URBANE. PIANIFICAZIONE. Barcellona$v21 676 $a711.4094672$9PIANI E PIANIFICAZIONE MUNICIPALE. Provincia di Barcellona$v21 700 1$aAmodio$b, Teresa$3CFIV199032$4070$0276075 801 3$aIT$bIT-000000$c20151217 850 $aIT-BN0095 $aIT-NA0079 901 $bNAP BN$cMAGAZZINO $nmagazzini correnti divisi per anni 901 $bNAP 01$cPOZZO LIB.$nVi sono collocati fondi di economia, periodici di ingegneria e scienze, periodici di economia e statistica e altri fondi comprendenti documenti di economia pervenuti in dono. 912 $aCFI0542569 950 0$aBiblioteca Centralizzata di Ateneo$c1 v. in cinque copie$d 01POZZO LIB.ECON MON 5872$e 01C 0080011845E VMA 1 v. (Precedente collocazione: EC C 00 1184)$fB $h20130327$i20130327$c1 v. in cinque copie$d 01POZZO LIB.ECON MON 5872$e 01C 0080011855E VMA (bis 1 v. (2.. copia; precedente EC (C) 1185)$fB $h20130327$i20130327$c1 v. in cinque copie$d 01POZZO LIB.ECON MON 5872$e 01C 0080011865E VMA (ter 1 v. (3. copia. - Precedente collocazione: EC (C) 00 1186)$fB $h20130327$i20130327$c1 v. in cinque copie$d 01POZZO LIB.ECON MON 5872$e 01C 0080011875E VMA (quater 1 v. (4. copia; Precedente collocazione 00 EC 1187)$fB $h20130327$i20130327$c1 v. in cinque copie$d 01POZZO LIB.ECON MON 5872$e 01C 0080011885E VMA (quinquies 1 v. (5. copia; Precedente collocazione 00 EC 1188)$fB $h20130327$i20130327$c1 v.$d 01POZZO LIB.F. CORTI 322$e 01 0000124635E VMA 1 v.$fB $h20230904$i20230907 977 $a 01$a BN 996 $aApproccio strategico alla pianificazione$963630 997 $aUNISANNIO